[Event "Qatar Masters Open 2024"]
[Site "Doha QAT"]
[Date "2024.12.03"]
[Round "1.3"]
[White "Amartuvshin, Ganzorig"]
[Black "Maghsoodloo, Parham"]
[Result "1/2-1/2"]
[WhiteTitle "IM"]
[BlackTitle "GM"]
[WhiteElo "2392"]
[BlackElo "2703"]
[WhiteFideId "4902548"]
[BlackFideId "12539929"]
[EventDate "2024.12.03"]

1. d4 Nf6 2. c4 g6 3. Nc3 d5 4. cxd5 Nxd5 5. e4 Nxc3 6. bxc3 Bg7 7. Bc4 a6 8. a4
c5 9. Ne2 Nc6 10. d5 Na5 11. Ba2 b5 12. Be3 Qc7 13. axb5 axb5 14. O-O O-O 15.
Qd2 Bd7 16. Rad1 Nb7 17. f4 Nd6 18. e5 Ne4 19. Qb2 Bg4 20. Rc1 Qa5 21. Bb1 Bxe2
22. Rfe1 Nxc3 23. Qxc3 Qxc3 24. Rxc3 Bc4 25. Bxc5 Bxd5 26. Bxe7 Rfe8 27. Bd6 Ra4
28. Rc5 Rd4 29. Rxb5 Bc6 30. Rb8 Rxb8 31. Bxb8 Rxf4 32. Rc1 Bb7 33. Ba2 h5 34.
Rf1 Rxf1+ 35. Kxf1 Bc8 36. Bd6 Bh6 37. h3 Kg7 38. Be7 Be3 39. Ke2 Bd4 40. Bf6+
Kf8 41. Bd5 Bc3 42. Kd3 Be1 43. Bc6 Be6 44. Ke2 Bg3 45. Kf3 h4 46. Ke4 Kg8 47.
Bd5 Bf5+ 48. Ke3 Kf8 49. Bf3 Be6 50. Bc6 Kg8 51. Bf3 Kh7 52. Bg4 Kh6 53. Bxe6
fxe6 54. Ke4 Kh5 55. Bd8 g5 56. Bf6 Kg6 57. Bd8 Kh5 58. Bf6 Kg6 59. Bd8 Kh5 1/2-1/2

[Event "Qatar Masters Open 2024"]
[Site "Doha QAT"]
[Date "2024.12.03"]
[Round "1.4"]
[White "Artemiev, Vladislav"]
[Black "Vantika, Agrawal"]
[Result "1/2-1/2"]
[WhiteTitle "GM"]
[BlackTitle "IM"]
[WhiteElo "2701"]
[BlackElo "2392"]
[WhiteFideId "24101605"]
[BlackFideId "25050389"]
[EventDate "2024.12.03"]

1. Nf3 Nf6 2. g3 d5 3. Bg2 c5 4. O-O e6 5. c4 d4 6. e3 Nc6 7. d3 Bd6 8. exd4
cxd4 9. Bg5 h6 10. Bxf6 Qxf6 11. Nbd2 Qe7 12. a3 a5 13. Re1 O-O 14. Rc1 Rd8 15.
Ne4 Bc7 16. c5 Bd7 17. Rc4 e5 18. Nfd2 Be6 19. Rc1 a4 20. Nd6 Bxd6 21. cxd6 Qxd6
22. Ne4 Qc7 23. Nc5 Bd5 24. Nxa4 Bxg2 25. Kxg2 b5 26. Nc5 Qb6 27. Qf3 Rac8 28.
Re2 b4 29. a4 Rc7 30. Nb3 Na5 31. Rxc7 Qxc7 32. Nxa5 Qxa5 33. Qc6 b3 34. h4 Qd5+
35. Qxd5 Rxd5 36. f4 exf4 37. Re8+ Kh7 38. Rb8 Ra5 39. gxf4 Rxa4 40. Rxb3 Kg6
41. Kf3 f5 42. Rb5 Ra1 43. Rd5 Rb1 44. Rxd4 Rxb2 45. Rd5 1/2-1/2

[Event "Qatar Masters Open 2024"]
[Site "Doha QAT"]
[Date "2024.12.03"]
[Round "1.5"]
[White "Ashraf, Artin"]
[Black "Tabatabaei, M. Amin"]
[Result "1/2-1/2"]
[WhiteTitle "FM"]
[BlackTitle "GM"]
[WhiteElo "2388"]
[BlackElo "2695"]
[WhiteFideId "22514805"]
[BlackFideId "12521213"]
[EventDate "2024.12.03"]

1. e4 c5 2. Nf3 d6 3. d4 cxd4 4. Nxd4 Nf6 5. Nc3 a6 6. h3 e6 7. g4 h6 8. Bg2 Be7
9. h4 Nc6 10. g5 hxg5 11. hxg5 Rxh1+ 12. Bxh1 Nh7 13. f4 Qb6 14. Nf3 Bd7 15. Qd2
Rc8 16. b3 Na5 17. Qd3 Nf8 18. Bb2 Ng6 19. Ne2 d5 20. exd5 Bb5 21. Qd4 Bc5 22.
Qe4 Bf2+ 23. Kf1 Nc4 24. Bd4 Nd2+ 25. Nxd2 Bxd4 26. c4 Bxa1 27. cxb5 axb5 28.
dxe6 Qxe6 29. f5 Qxe4 30. Nxe4 Ne7 31. Nd6+ Kd7 32. Nxc8 Kxc8 33. Be4 Kc7 34.
Nf4 Kd6 35. Ke2 Be5 36. g6 fxg6 37. Nxg6 Nd5 38. Kf3 b4 39. Nxe5 Kxe5 40. Bxd5
Kxd5 41. Kf4 Kd4 42. Kg5 Ke4 43. Kg4 Ke3 44. Kg5 b6 45. Kg4 Kd3 46. Kg5 Kd4 47.
Kg6 Ke4 48. Kg5 Ke5 49. Kg6 Kf4 50. f6 gxf6 51. Kxf6 Ke4 52. Ke6 Kd4 53. Kd6 Kc3
54. Kc6 Kb2 55. Kb5 Ka3 56. Kc4 Kxa2 57. Kxb4 Kb2 58. Kc4 Ka3 59. Kb5 Kxb3 60.
Kxb6 1/2-1/2

[Event "Qatar Masters Open 2024"]
[Site "Doha QAT"]
[Date "2024.12.03"]
[Round "1.6"]
[White "Esipenko, Andrey"]
[Black "Bharadia Yash"]
[Result "1-0"]
[WhiteTitle "GM"]
[BlackTitle "CM"]
[WhiteElo "2682"]
[BlackElo "2385"]
[WhiteFideId "24175439"]
[BlackFideId "45087822"]
[EventDate "2024.12.03"]

1. e4 c5 2. Nf3 d6 3. Bb5+ Nd7 4. Ba4 Nf6 5. O-O e6 6. d3 Be7 7. c4 O-O 8. Nc3
Ne5 9. Ne1 Bd7 10. Bc2 Nc6 11. f4 Nd4 12. Nf3 Nxc2 13. Qxc2 a6 14. b3 b5 15. Bb2
Bc6 16. Rae1 b4 17. Nd1 a5 18. Ne3 a4 19. f5 axb3 20. axb3 e5 21. g4 Nd7 22. Qf2
Ra2 23. h4 f6 24. Ra1 Rxa1 25. Rxa1 Kf7 26. Qg3 h6 27. Bc1 Rh8 28. Ng2 Nf8 29.
g5 h5 30. Ra7 Rg8 31. Qf2 Qb6 32. Qa2 Nd7 33. g6+ Ke8 34. Ne3 Bd8 35. Nd5 Bxd5
36. exd5 Bc7 37. Nd2 Ke7 38. Ne4 Bb8 39. Ra6 Qb7 40. Be3 Rc8 41. Kh2 Nb6 42. Qa5
Nd7 43. Qa4 Bc7 44. Bxc5 Nxc5 45. Nxc5 dxc5 46. Re6+ 1-0

[Event "Qatar Masters Open 2024"]
[Site "Doha QAT"]
[Date "2024.12.03"]
[Round "1.8"]
[White "Nihal, Sarin"]
[Black "Bukreev, Stanislav"]
[Result "1-0"]
[WhiteTitle "GM"]
[BlackTitle "FM"]
[WhiteElo "2676"]
[BlackElo "2384"]
[WhiteFideId "25092340"]
[BlackFideId "34252347"]
[EventDate "2024.12.03"]

1. d4 d5 2. c4 e6 3. Nc3 Nf6 4. cxd5 Nxd5 5. e4 Nxc3 6. bxc3 c5 7. Rb1 Be7 8.
Nf3 O-O 9. h4 b6 10. h5 h6 11. Rh3 Kh8 12. Rg3 cxd4 13. cxd4 Bb7 14. Bd3 Nd7 15.
e5 Rc8 16. Kf1 f5 17. exf6 Bxf6 18. Bf4 Bxf3 19. Qxf3 Bh4 20. Rg6 Rc3 21. g3 Nc5
22. dxc5 Rxd3 23. Qg4 Bf6 24. cxb6 Qd5 25. Kg1 axb6 26. Bxh6 Rd4 27. Bf4 e5 28.
h6 exf4 29. Rxf6 Rg8 30. hxg7+ Rxg7 31. Rf8+ Rg8 32. Qh4+ 1-0

[Event "Qatar Masters Open 2024"]
[Site "Doha QAT"]
[Date "2024.12.03"]
[Round "1.9"]
[White "Moksh, Amit Doshi"]
[Black "Yakubboev, Nodirbek"]
[Result "1-0"]
[WhiteTitle "IM"]
[BlackTitle "GM"]
[WhiteElo "2383"]
[BlackElo "2668"]
[WhiteFideId "25064967"]
[BlackFideId "14203987"]
[EventDate "2024.12.03"]

1. d4 Nf6 2. c4 d6 3. Nf3 g6 4. Nc3 Bg7 5. e4 O-O 6. Be2 e5 7. O-O h6 8. Re1
Nbd7 9. Bf1 Nh7 10. dxe5 dxe5 11. Be3 f5 12. exf5 gxf5 13. g3 c6 14. c5 e4 15.
Qb3+ Kh8 16. Nh4 Qe8 17. Rad1 Ne5 18. f4 Ng6 19. Rd8 Nxh4 20. Rxe8 Nf3+ 21. Kf2
Rxe8 22. Rd1 Nxh2 23. Bd4 Ng4+ 24. Ke1 Re7 25. Bxg7+ Kxg7 26. Rd6 Nf8 27. Ne2
Be6 28. Qc3+ Kh7 29. Nd4 Rae8 30. Be2 h5 31. Bd1 a6 32. Qc2 Rg7 33. Qg2 Rg6 34.
Qh3 h4 35. Rd8 Rxd8 36. Qxh4+ Rh6 37. Qxd8 Rh1+ 38. Kd2 1-0

[Event "Qatar Masters Open 2024"]
[Site "Doha QAT"]
[Date "2024.12.03"]
[Round "1.10"]
[White "Martirosyan, Haik M."]
[Black "Panda, Sambit"]
[Result "1-0"]
[WhiteTitle "GM"]
[BlackTitle "IM"]
[WhiteElo "2656"]
[BlackElo "2381"]
[WhiteFideId "13306553"]
[BlackFideId "25091794"]
[EventDate "2024.12.03"]

1. d4 d5 2. c4 dxc4 3. Nf3 Nf6 4. e3 e6 5. Bxc4 c5 6. O-O cxd4 7. Nxd4 Bc5 8. b3
O-O 9. Bb2 Qe7 10. Nd2 Rd8 11. Qc2 b6 12. Ne4 Bxd4 13. Bxd4 Nbd7 14. Ng3 Bb7 15.
Rad1 a6 16. e4 b5 17. Be2 Rac8 18. Qb1 Nc5 19. Bf3 Nfd7 20. Qb2 e5 21. Bc3 g6
22. Bb4 Qg5 23. Qd2 Qh4 24. Ba5 Ne6 25. Qe3 Nd4 26. Bxd8 Rxd8 27. Ne2 Nxf3+ 28.
Qxf3 Bxe4 29. Qe3 Bf5 30. Ng3 Be6 31. Qa7 Qe7 32. Ne4 Kf8 33. Qxa6 Rb8 34. Qa7
Rc8 35. Rc1 Rxc1 36. Rxc1 Kg7 37. Rd1 Qb4 38. Qe3 h6 39. f3 Qa5 40. Qf2 b4 41.
h3 Nb6 42. Qc5 Qxc5+ 43. Nxc5 Nd5 44. Nxe6+ fxe6 45. Re1 Kf6 46. Re4 1-0

[Event "Qatar Masters Open 2024"]
[Site "Doha QAT"]
[Date "2024.12.03"]
[Round "1.11"]
[White "Kamalidenova, Meruert"]
[Black "Narayanan, S.L."]
[Result "0-1"]
[WhiteTitle "IM"]
[BlackTitle "GM"]
[WhiteElo "2378"]
[BlackElo "2647"]
[WhiteFideId "13712802"]
[BlackFideId "5058422"]
[EventDate "2024.12.03"]

1. e4 c5 2. Nf3 Nc6 3. d4 cxd4 4. Nxd4 e5 5. Nb5 d6 6. N1c3 a6 7. Na3 Be7 8. Nc4
Nf6 9. Bd3 Bg4 10. f3 Be6 11. Be3 Nd4 12. Bxd4 exd4 13. Ne2 d5 14. exd5 Nxd5 15.
Nxd4 Bb4+ 16. Kf1 b5 17. Nxe6 fxe6 18. Qe2 Nf4 19. Qe4 Nxd3 20. Ne3 O-O 21. Rd1
Qf6 22. Rxd3 Qxb2 23. Qxe6+ Kh8 24. Qb3 Qa1+ 25. Rd1 Qe5 26. Qxb4 Qxe3 27. Qd4
Qa3 28. Kf2 Qxa2 29. Rd2 Qf7 30. Ra1 h6 31. c3 Rfe8 32. Raa2 Qc7 33. Re2 a5 34.
h4 a4 35. Qd5 Qb6+ 36. Kg3 Red8 37. Qf5 Rf8 38. Qd5 Qc7+ 39. Kh3 Rab8 40. Rab2
Rfd8 41. Qe5 Qd7+ 42. Kh2 Re8 43. Rxb5 Rxe5 44. Rxb8+ Kh7 45. Rxe5 Qc7 46. Rb5
a3 47. Rc5 Qd6 48. Ra5 Qc7 49. Rc5 Qf7 50. Rf5 Qe7 51. Kh3 a2 52. Ra5 Qe6 53. g4
Qe2 54. h5 Qf1+ 55. Kg3 a1=Q 56. Rxa1 Qxa1 57. c4 Qg1+ 58. Kh3 Qf1+ 59. Kg3 Qxc4
60. Kf2 Qd3 61. Kg3 Qe3 62. Kg2 Qe1 63. Rf8 Qd2+ 64. Kf1 Qh2 65. Ke1 Qg2 66. Kd1
Qf2 67. Rf4 Kg8 68. Rf5 g6 69. hxg6 Kg7 70. Kc1 Kxg6 71. Kb1 h5 72. Rxh5 Qxf3
73. Kb2 Qxg4 74. Rc5 Qb4+ 0-1

[Event "Qatar Masters Open 2024"]
[Site "Doha QAT"]
[Date "2024.12.03"]
[Round "1.12"]
[White "Nguyen, Ngoc Truong Son"]
[Black "Vaz, Ethan"]
[Result "1/2-1/2"]
[WhiteTitle "GM"]
[BlackTitle "IM"]
[WhiteElo "2646"]
[BlackElo "2378"]
[WhiteFideId "12401110"]
[BlackFideId "25940783"]
[EventDate "2024.12.03"]

1. d4 Nf6 2. c4 g6 3. Nc3 Bg7 4. e4 d6 5. Be2 O-O 6. Nf3 e5 7. O-O Nc6 8. dxe5
Nxe5 9. Nxe5 dxe5 10. Be3 c6 11. b4 Be6 12. Qa4 Qc7 13. Rfd1 Rfe8 14. Rac1 Ng4
15. Bc5 Bh6 16. Rb1 Red8 17. h3 Nf6 18. Rxd8+ Qxd8 19. Rd1 Nd7 20. Qc2 Qh4 21.
Bd6 Qg5 22. Kh1 Qf6 23. Kg1 Qg5 24. Kh1 Qf4 25. Kg1 Qg5 26. Kh1 Qf6 27. Kg1 Qg5
28. Kh1 Qf4 29. Kg1 Qg5 30. Kh1 Qf4 1/2-1/2

[Event "Qatar Masters Open 2024"]
[Site "Doha QAT"]
[Date "2024.12.03"]
[Round "1.13"]
[White "Nurgaliyev, Sauat"]
[Black "Sargsyan, Shant"]
[Result "0-1"]
[WhiteTitle "IM"]
[BlackTitle "GM"]
[WhiteElo "2374"]
[BlackElo "2646"]
[WhiteFideId "13726285"]
[BlackFideId "13306766"]
[EventDate "2024.12.03"]

1. e4 c5 2. Nf3 d6 3. d4 cxd4 4. Nxd4 Nf6 5. Nc3 a6 6. Bd3 g6 7. f3 e5 8. Nb3
Be6 9. Be3 Nbd7 10. Qd2 b5 11. O-O-O Nb6 12. Kb1 Rb8 13. Qf2 Na4 14. Nd5 Bxd5
15. exd5 Bg7 16. Be4 h5 17. Qd2 b4 18. Qd3 Rb5 19. Bg5 Qc7 20. h4 Nh7 21. g4 f5
22. gxf5 Nxg5 23. f6 Nxe4 24. fxg7 Nec3+ 25. bxc3 Qxg7 26. cxb4 Rxb4 27. c4 O-O
28. Rh2 e4 29. fxe4 Nc3+ 30. Kc2 Nxd1 31. Kxd1 Qe5 32. Rg2 Kh7 33. Rg5 Rxb3 34.
Qxb3 Qd4+ 35. Ke1 Qxe4+ 36. Kd1 Rf1+ 37. Kd2 Qd4+ 38. Kc2 Rf2+ 39. Kb1 Qe4+ 40.
Kc1 Qe1+ 0-1

[Event "Qatar Masters Open 2024"]
[Site "Doha QAT"]
[Date "2024.12.03"]
[Round "1.14"]
[White "Mendonca, Leon Luke"]
[Black "Kiolbasa, Oliwia"]
[Result "1/2-1/2"]
[WhiteTitle "GM"]
[BlackTitle "IM"]
[WhiteElo "2642"]
[BlackElo "2371"]
[WhiteFideId "35028561"]
[BlackFideId "1154613"]
[EventDate "2024.12.03"]

1. e4 e5 2. Nf3 Nc6 3. Bb5 a6 4. Ba4 Nf6 5. O-O Bc5 6. c3 b5 7. Bb3 d6 8. d4 Bb6
9. Be3 O-O 10. Nbd2 h6 11. h3 Re8 12. Re1 Rb8 13. Bc2 Bb7 14. a4 exd4 15. cxd4
Nb4 16. axb5 axb5 17. d5 c6 18. dxc6 Nxc6 19. Ra3 d5 20. Bxb6 Qxb6 21. e5 Nd7
22. Rae3 d4 23. R3e2 Nb4 24. e6 Rxe6 25. Rxe6 fxe6 26. Bb3 Nf8 27. Ne5 Rd8 28.
Qh5 Qc7 29. Qg4 Bd5 30. Qxd4 Nc2 31. Bxc2 Qxc2 32. Ne4 Ra8 33. Nc5 Ra2 34. Ncd3
Qd2 35. Rc1 Qg5 36. Qg4 Qxg4 37. hxg4 Kh7 38. Nf4 Ra4 39. Nxd5 exd5 40. Rc5 Ng6
41. Nxg6 Kxg6 42. Rxb5 Rd4 43. Kh2 h5 44. gxh5+ Kxh5 45. Kg3 Kg5 46. Kf3 Kf5 47.
Ke3 Rd1 48. Ke2 Rd4 49. Rb3 Rc4 50. Kd2 g5 51. Re3 Rb4 52. Kc2 Rc4+ 53. Rc3 Rb4
54. b3 g4 55. Rc8 d4 56. g3 Rb7 57. Rf8+ Ke5 58. Rf4 Rc7+ 59. Kd2 Rc3 60. Rxg4
Rxb3 61. Rf4 Rb2+ 62. Kd3 Rb3+ 63. Kc2 Rc3+ 64. Kd2 Ra3 65. Rf8 Ke4 66. g4 Ra2+
67. Kc1 d3 68. g5 Ra1+ 69. Kd2 Ra2+ 70. Kd1 Ra1+ 71. Kd2 1/2-1/2

[Event "Qatar Masters Open 2024"]
[Site "Doha QAT"]
[Date "2024.12.03"]
[Round "1.15"]
[White "Arun, Kataria"]
[Black "Karthikeyan, Murali"]
[Result "0-1"]
[WhiteTitle "FM"]
[BlackTitle "GM"]
[WhiteElo "2370"]
[BlackElo "2637"]
[WhiteFideId "46630368"]
[BlackFideId "5074452"]
[EventDate "2024.12.03"]

1. e4 c5 2. Nf3 Nc6 3. d4 cxd4 4. Nxd4 e5 5. Nb5 d6 6. c4 a6 7. N5c3 g6 8. Be3
Bg7 9. Nd5 Nd4 10. Nbc3 Be6 11. Rc1 Nf6 12. Bxd4 exd4 13. Qxd4 O-O 14. Qb6 Bxd5
15. Qxd8 Rfxd8 16. cxd5 Rac8 17. Bd3 b5 18. O-O Nd7 19. Bb1 Rc5 20. f4 Bd4+ 21.
Kh1 Rdc8 22. Rce1 Nb6 23. Nd1 Rc1 24. Nc3 Rxe1 25. Rxe1 b4 26. Ne2 Bxb2 27. Bd3
a5 28. Rb1 Na4 29. Kg1 Bf6 30. Rc1 Rxc1+ 31. Nxc1 Nc3 32. Kf2 a4 33. Bc4 Nxe4+
34. Ke3 Nc3 35. Kd3 Kg7 36. Kc2 Kh6 37. Nd3 Ne2 38. Nxb4 Nxf4 39. g3 Nh5 40. Bb5
a3 41. Kb3 Bd4 42. Kxa3 Bg1 43. g4 Nf4 44. h4 Bf2 45. Kb3 Bxh4 46. a4 Kg5 47.
Bd7 Bf2 48. Kc4 h5 49. gxh5 gxh5 50. Nc6 h4 51. a5 f5 52. a6 h3 53. Nd4 Bxd4 54.
Kxd4 h2 55. a7 h1=Q 56. a8=Q Qd1+ 57. Kc3 Nxd5+ 58. Kb2 Qd2+ 59. Ka1 Qc1+ 60.
Ka2 Qc2+ 61. Ka1 Nc3 62. Qg8+ Kf4 63. Qc4+ Kg3 64. Bxf5 Qc1+ 0-1

[Event "Qatar Masters Open 2024"]
[Site "Doha QAT"]
[Date "2024.12.03"]
[Round "1.16"]
[White "Naiditsch, Arkadij"]
[Black "Aitbayev, Aslan"]
[Result "1-0"]
[WhiteTitle "GM"]
[BlackTitle "IM"]
[WhiteElo "2636"]
[BlackElo "2369"]
[WhiteFideId "4650891"]
[BlackFideId "13704613"]
[EventDate "2024.12.03"]

1. e4 e6 2. d4 d5 3. Nc3 Bb4 4. e5 c5 5. a3 Bxc3+ 6. bxc3 Ne7 7. h4 Qc7 8. h5 h6
9. Rh3 b6 10. a4 Ba6 11. Bb5+ Bxb5 12. axb5 a5 13. Qg4 Nf5 14. Ne2 Nd7 15. Qf4
g5 16. hxg6 fxg6 17. Qh2 g5 18. Bxg5 Rg8 19. Bxh6 O-O-O 20. f4 Kb7 21. Bg5 Rxg5
22. fxg5 cxd4 23. cxd4 Qxc2 24. Qf4 Qb2 25. Rc1 Qxb5 26. Rh7 Ne7 27. Qd2 Re8 28.
Nf4 Nf8 29. Rf7 Kb8 30. Qc3 1-0

[Event "Qatar Masters Open 2024"]
[Site "Doha QAT"]
[Date "2024.12.03"]
[Round "1.17"]
[White "Bakhrillaev, Bakhrom"]
[Black "Ivanchuk, Vasyl"]
[Result "1/2-1/2"]
[WhiteTitle "FM"]
[BlackTitle "GM"]
[WhiteElo "2369"]
[BlackElo "2630"]
[WhiteFideId "14212285"]
[BlackFideId "14100010"]
[EventDate "2024.12.03"]

1. e4 c5 2. Nf3 e6 3. d4 cxd4 4. Nxd4 a6 5. Bd3 Bc5 6. Nb3 Be7 7. O-O d6 8. c4
Nf6 9. Nc3 b6 10. f4 Nbd7 11. Qe2 Bb7 12. Kh1 h5 13. Nd4 Ng4 14. Bd2 Qc7 15. h3
Ngf6 16. f5 e5 17. Nf3 h4 18. Qe1 Qd8 19. Nxh4 Nc5 20. Bc2 Nfxe4 21. Nxe4 Rxh4
22. f6 Nxe4 23. Qxh4 Bxf6 24. Qh8+ Ke7 25. Qxd8+ Rxd8 26. Be1 a5 27. Rd1 Bg5 28.
Rd3 Nc5 29. Rg3 f6 30. Bf2 Bc6 31. Kg1 Rb8 32. Re1 Ne6 33. Be4 Bxe4 34. Rxe4 f5
35. Re2 Bh4 36. Rd3 Bxf2+ 37. Rxf2 g6 38. Rfd2 Nd4 39. Kf2 b5 40. cxb5 Rxb5 41.
Rc3 1/2-1/2

[Event "Qatar Masters Open 2024"]
[Site "Doha QAT"]
[Date "2024.12.03"]
[Round "1.18"]
[White "Salem, A.R. Saleh"]
[Black "Aradhya, Garg"]
[Result "1/2-1/2"]
[WhiteTitle "GM"]
[BlackTitle "IM"]
[WhiteElo "2622"]
[BlackElo "2365"]
[WhiteFideId "9301348"]
[BlackFideId "25006746"]
[EventDate "2024.12.03"]

1. d4 d5 2. c4 c6 3. Nf3 Nf6 4. Nc3 dxc4 5. a4 Bf5 6. Ne5 e6 7. f3 Bb4 8. Nxc4
O-O 9. Kf2 h6 10. e4 Bh7 11. Be3 Nfd7 12. Qb3 a5 13. Be2 Na6 14. Rhd1 f5 15. Kg1
fxe4 16. fxe4 Kh8 17. e5 Nc7 18. Nd6 Nd5 19. Nxd5 exd5 20. Rf1 Qe7 21. Bg4 Nb6
22. Nf5 Qe8 23. Rf2 Qg6 24. Bh3 Nc4 25. Raf1 Nxe3 26. Qxe3 Rae8 27. Rf3 Qh5 28.
Nd6 Rxf3 29. Qxf3 Qxf3 30. Rxf3 Rb8 31. Nf7+ Kg8 32. Be6 Be4 33. Ng5+ Kh8 34.
Nxe4 dxe4 35. Rf7 Bd2 36. Kf2 Bc1 37. b3 Rd8 38. Rd7 Rxd7 39. Bxd7 Kg8 40. Bc8
b6 41. Bf5 e3+ 42. Ke2 Kf8 43. Bd7 Bb2 44. Kxe3 c5 45. dxc5 bxc5 46. Ke4 Ke7 47.
Bf5 Bc3 48. Kd5 Bb4 49. g4 Bc3 50. h3 Bb2 51. h4 Bc3 52. h5 Bb2 53. Bd3 Bc3 54.
Bf1 Bb2 55. Be2 Bc3 56. Bd1 Bb2 57. Bc2 Bc3 58. Bd3 Bb2 59. Ba6 Bc3 60. Bb5 Bb2
61. Bc4 Bc3 62. Be2 Bb2 63. Bf1 Bc3 64. Bc4 Bb2 65. e6 Ba3 66. Ke5 Bb2+ 67. Kd5
Ba3 68. Kc6 Bb4 69. Kc7 Bc3 70. Kb6 Kd6 71. Kb5 Bb4 72. Bd5 Bc3 73. Kb6 Bb4 74.
Kb7 Bc3 75. Bc4 Bb4 76. Kc8 Ke7 77. Bd5 Bc3 78. Kc7 Bb4 79. Kc6 Ba3 80. Bc4 Bb4
81. Kd5 Ba3 82. Ke5 Bb2+ 83. Kf5 Bc3 84. g5 hxg5 85. Kxg5 Bb2 86. Kf5 Bc3 87.
Ke4 Kd6 88. Kd3 Bf6 89. Ke4 Bc3 90. Ke3 Bf6 91. Kf4 Bc3 92. Kf5 Bb2 93. Be2 Bc3
94. Bf3 Bb2 95. Bg4 Bc3 96. Kg6 Ke7 97. Kg5 Bd2+ 98. Kf5 Bc3 99. Ke4 Kd6 100.
Kd3 Bb4 101. Kc4 Be1 102. Kb5 Bd2 103. Kb6 Be1 104. Bf5 Bd2 105. Kb7 Bb4 106.
Kc8 Ke7 107. Kc7 Bc3 108. Kc6 Bb4 109. Bg4 Ba3 110. Bh3 Bb4 111. Kd5 Ba3 112.
Bf1 Bb4 113. Bc4 Ba3 114. Ke5 Bb2+ 115. Kf5 Bc3 116. Ke4 Kd6 117. Kf4 Bb2 118.
Kg5 Bc3 119. Kg6 Ke7 120. Bd5 Bd4 121. Kf5 Bc3 122. Bc6 Bd4 123. Bd7 Bc3 124.
Ke4 Kd6 125. Bc8 Bb4 126. Kd3 Ba3 127. Kc3 Bb4+ 128. Kc4 Be1 129. Kb5 Bc3 130.
Kb6 Be1 131. Bd7 Bc3 132. Kb7 Be1 133. Kc8 Bh4 134. Kb8 Bg3 135. Kb7 Bf2 136.
Ka6 Be1 137. Kb5 Bd2 138. Bc8 Be1 139. Kc4 Bb4 1/2-1/2

[Event "Qatar Masters Open 2024"]
[Site "Doha QAT"]
[Date "2024.12.03"]
[Round "1.19"]
[White "Balajayeva, Khanim"]
[Black "Pranav, V"]
[Result "1/2-1/2"]
[WhiteTitle "IM"]
[BlackTitle "GM"]
[WhiteElo "2362"]
[BlackElo "2621"]
[WhiteFideId "13406396"]
[BlackFideId "25060783"]
[EventDate "2024.12.03"]

1. e4 e5 2. Nf3 Nc6 3. Bb5 Nge7 4. Nc3 Ng6 5. h4 Nd4 6. h5 Nf4 7. Nxd4 exd4 8.
Qf3 Bd6 9. Ne2 Nxe2 10. Bxe2 h6 11. a3 c6 12. d3 Be5 13. Bd2 a5 14. g3 Qb6 15.
Rb1 d6 16. O-O Be6 17. c4 a4 18. Qg2 Bf6 19. Rfc1 g5 20. hxg6 fxg6 21. f4 O-O-O
22. Bd1 g5 23. f5 Bf7 24. Bxa4 h5 25. b4 Qa7 26. Bd1 Be5 27. Be1 g4 28. c5 d5
29. b5 Qxa3 30. bxc6 bxc6 31. Qe2 Qa7 32. Rb6 dxe4 33. Rxc6+ Bc7 34. dxe4 d3 35.
Qd2 Qb7 36. Rf6 Rh7 37. c6 Qa6 38. Rb1 Bc4 39. Bf2 Be5 40. Rh6 Rxh6 41. Qxh6 Qa2
42. Rc1 h4 43. Qh7 Bf7 44. Qxh4 Qa3 45. Rb1 Qa2 46. Rc1 Qa3 47. Rb1 Qa2 1/2-1/2

[Event "Qatar Masters Open 2024"]
[Site "Doha QAT"]
[Date "2024.12.03"]
[Round "1.20"]
[White "Paravyan, David"]
[Black "Dixit, Nikhil"]
[Result "1/2-1/2"]
[WhiteTitle "GM"]
[BlackTitle "FM"]
[WhiteElo "2620"]
[BlackElo "2361"]
[WhiteFideId "4194985"]
[BlackFideId "5059534"]
[EventDate "2024.12.03"]

1. e4 g6 2. d4 Bg7 3. f4 c5 4. d5 d6 5. Nc3 Na6 6. Nf3 Nc7 7. Bd3 Nf6 8. O-O O-O
9. a4 Rb8 10. Qe1 a6 11. a5 b5 12. axb6 Rxb6 13. Kh1 Re8 14. f5 Bd7 15. fxg6
hxg6 16. e5 dxe5 17. Nxe5 Bb5 18. Nxb5 axb5 19. Nxf7 Kxf7 20. Qg3 Rh8 21. d6
Rxd6 22. Bxg6+ Kg8 23. Bf4 Nh5 24. Bxh5 Rxh5 25. Bxd6 Qxd6 26. Rf8+ Kh7 27. Qxd6
exd6 28. Rf7 Ne6 29. Re1 Re5 30. Rxe5 dxe5 31. Re7 Nd4 32. c3 Nc2 33. Kg1 b4 34.
Kf2 c4 35. Rc7 bxc3 36. bxc3 Na3 37. g4 e4 38. h4 Kg8 39. g5 Bxc3 40. h5 Bd4+
41. Ke2 Nb5 42. Rxc4 Bg7 43. Ke3 Nd6 44. Rc6 Be5 45. Rc5 Bh2 46. Rc2 Be5 47. Ra2
Kf7 48. g6+ Ke6 49. Ra6 Bg7 50. Rc6 Ke5 51. Rc5+ Ke6 52. Rc6 Ke5 53. Rc5+ Ke6
54. Rc6 Ke5 1/2-1/2

[Event "Qatar Masters Open 2024"]
[Site "Doha QAT"]
[Date "2024.12.03"]
[Round "1.21"]
[White "Zhu, Hengyi"]
[Black "Petrosyan, Manuel"]
[Result "1/2-1/2"]
[BlackTitle "GM"]
[WhiteElo "2361"]
[BlackElo "2612"]
[WhiteFideId "8611211"]
[BlackFideId "13300857"]
[EventDate "2024.12.03"]

1. e4 c6 2. d4 d5 3. Nd2 dxe4 4. Nxe4 Nf6 5. Nxf6+ exf6 6. c3 Bd6 7. Bd3 O-O 8.
Qc2 Re8+ 9. Ne2 h5 10. O-O h4 11. h3 Nd7 12. Be3 Nf8 13. Rad1 Be6 14. Rfe1 Qd7
15. Bf4 Rad8 16. Bxd6 Qxd6 17. Qa4 Bd5 18. c4 Be4 19. Bxe4 Rxe4 20. Nc3 Rxe1+
21. Rxe1 Qxd4 22. Rd1 Qb6 23. Rxd8 Qxd8 24. Qxa7 Qd2 25. Qxb7 Qe1+ 26. Kh2 Qxf2
27. Qxc6 Qxb2 28. Nd5 Qe5+ 29. Kh1 Ng6 30. c5 Kh7 31. Qd7 Kh6 32. c6 Qe1+ 33.
Kh2 Ne5 34. Qf5 Qg3+ 35. Kh1 Qe1+ 36. Kh2 Qg3+ 37. Kh1 Nxc6 38. Nxf6 Qe1+ 39.
Kh2 Qg3+ 40. Kh1 gxf6 41. Qxf6+ Qg6 42. Qxh4+ Kg7 43. Qg4 Qxg4 1/2-1/2

[Event "Qatar Masters Open 2024"]
[Site "Doha QAT"]
[Date "2024.12.03"]
[Round "1.22"]
[White "Idani, Pouya"]
[Black "Omonov, Asrorjon"]
[Result "1-0"]
[WhiteTitle "GM"]
[BlackTitle "FM"]
[WhiteElo "2603"]
[BlackElo "2360"]
[WhiteFideId "12510130"]
[BlackFideId "14212552"]
[EventDate "2024.12.03"]

1. e4 c6 2. d4 d5 3. e5 Bf5 4. Nf3 e6 5. Be2 Nd7 6. O-O a5 7. Nc3 a4 8. Bd2 a3
9. b3 Ne7 10. Na4 Bg4 11. Nh4 Bxe2 12. Qxe2 b5 13. Nc3 b4 14. Na4 Nc8 15. Qg4
Ncb6 16. Nxb6 Qxb6 17. Nf3 g6 18. Qf4 Be7 19. h4 h6 20. c3 c5 21. Rac1 bxc3 22.
Bxc3 Qd8 23. Qe3 Rc8 24. dxc5 Bxc5 25. Qd2 Kf8 26. Ba5 Qe8 27. Rc2 Be7 28. Rxc8
Qxc8 29. Rc1 Qe8 30. Rc7 Kg7 31. Qc1 Bd8 32. Rc8 Qe7 33. Bc7 Bxc7 34. Rxc7 Rd8
35. Nd4 Qe8 36. f4 Nf8 37. g3 Rd7 38. Rc8 Rd8 39. Rc6 Qe7 40. Qc5 Qxc5 41. Rxc5
Nd7 42. Rc7 Nf8 43. Nb5 g5 44. h5 gxf4 45. gxf4 Rd7 46. Rc2 f6 47. Rg2+ Kh8 48.
Nxa3 fxe5 49. fxe5 Rc7 50. Nb5 Rc1+ 51. Kf2 Nd7 52. Rg6 Nxe5 53. Rxh6+ Kg7 54.
Rxe6 Ng4+ 55. Ke2 Kf7 56. Nd4 Rh1 57. a4 Rxh5 58. a5 Rh2+ 59. Kf3 Nf6 60. Rb6
Rh3+ 61. Ke2 Rh2+ 62. Kd3 Ra2 63. Rb7+ Ke8 64. Nc6 Ne4 65. b4 Ra3+ 66. Kd4 Nc3
67. Ke5 Ra1 68. b5 Rb1 69. a6 Nxb5 70. Rxb5 Rxb5 71. a7 1-0